Focus : Albert Einstein (QCM) - Statistiques

Statistiques générales
  • Ce quiz a été pris 224 fois
  • Le résultat moyen est 6 sur 12
Statistiques - réponses
Question Réponse % Correct
Que fait-il sur une photo populaire prise le jour de son 72ᵉ anniversaire ? Il tire la langue
94%
Quelle était son attitude face à la guerre ? Il était pacifiste
76%
À quelle théorie est associée sa formule "E = mc²" ? La théorie de la relativité restreinte
68%
Dans quel pays s’est-il exilé avant la Seconde Guerre mondiale ? États-Unis
63%
Quelle est sa nationalité d’origine ? Allemande
58%
En quelle année est-il mort ? 1955
42%
En quelle année a-t-il reçu le prix Nobel de physique ? 1921
39%
Quelle institution a-t-il refusé de présider en 1952 ? L’État d’Israël
36%
Quelle était sa profession avant de devenir célèbre ? Employé de bureau des brevets
33%
Quel produit a été développé grâce à ses découvertes scientifiques ? Le panneau solaire
33%
Quelle institution l'a refusé à cause de son origine juive ? L’université de Munich
27%
Pour quelle découverte a-t-il reçu le prix Nobel ? L'effet photoélectrique
16%
Aucun quiz correspondant
Distribution des résultats
% des personnes avec chaque résultat
Percentile par nombre de réponses
Votre historique - résultats
Vous n’avez pas pris ce quiz